College Quizbowl Stats
College Quizbowl Stats
Circuits
Seasons
Sets
Records
Detailed Stats
About
Loading...
2024 ACF Regionals @ Vanderbilt
Tossups
Bonuses
Players
Teams
Categories (Tossup)
Categories (Bonus)
Alejandro Montes
Georgia Tech B
Categories
Category
Powers
Gets
Negs
BBs
Points
Earliest Buzz
Avg. Buzz
First Buzzes
Top 3 Buzzes
Other
0
3
1
0
25
24
89.33
1
1
History - American History
0
1
0
1
10
136
136.00
0
0
Fine Arts - Classical Music
0
0
1
0
-5
0.00
0
0
Buzzes
Category
Answer
Value
Buzz Position
Other
Iowa Hawkeyes
10
24
Fine Arts - Classical Music
piano competitions
-5
71
Other
Indian people
-5
107
Other
paparazzi
10
120
Other
Poland
10
124
History - American History
1988
0
128
History - American History
Louisiana
10
136
Previous
1
Next